Statistics for Crossing borders with hints

Click here to take the quiz!

General Stats

  • This quiz has been taken 10 times
  • The average score is 17 of 19

Answer Stats

HintAnswer% Correct
In past unified with HungaryAustria
100%
Pablo Escobar is from this countryColombia
100%
Beer is cheaper than water in this countryCzechia
100%
Home to Kylian MbappeFrance
100%
Was firstly invaded by Germany at start of WW2Poland
100%
Largest country in the worldRussia
100%
Most expensive country to live inSwitzerland
100%
Home to world's tallest waterfallVenezuela
100%
First country to adopt christianityArmenia
86%
Attacked upper country 2 timesEgypt
86%
Georgetown is capitalGuyana
86%
Judaism is main religionIsrael
86%
Has most pyramids in the worldSudan
86%
Was part of Dutch empireSuriname
86%
This country has still going civil warSyria
86%
Known for kebabTurkey
86%
Most homophobic country in the worldAzerbaijan
71%
Duala is biggest cityCameroon
71%
Has shortest life expectancyCentral African Republic
71%

Score Distribution

Percentile by Number Answered

Percent of People with Each Score

Your Score History

You have not taken this quiz